| 000 | 01605nam a2200421Ii 4500 | ||
|---|---|---|---|
| 001 | DIGCOMPLT0014 | ||
| 003 | NyNyDIG | ||
| 006 | m o d | ||
| 007 | cr ||||||||||| | ||
| 008 | 230412s2019 sp ob 000 0 spa d | ||
| 035 | _a(OCoLC)1377522081 | ||
| 040 |
_aDGITA _beng _erda _epn _cDGITA |
||
| 020 |
_a9788466936606 _qpdf |
||
| 020 | _z9788466936590 | ||
| 050 | 1 | 4 | _aRC1235 ebook |
| 100 | 1 |
_aLópez Farré, Antonio, _eauthor, _eeditor. |
|
| 245 | 1 | 4 |
_aLos genes de la alimentación y el deporte / _cAntonio López Farré (coord.) [and 6 others authors] |
| 264 | 1 |
_aMadrid : _bEdiciones Complutense, _c[2019] |
|
| 300 | _a1 online resource. | ||
| 336 |
_atext _btxt _2rdacontent |
||
| 337 |
_acomputer _bc _2rdamedia |
||
| 338 |
_aonline resource _bcr _2rdacarrier |
||
| 347 |
_atext file _2rdaft |
||
| 347 | _bPDF | ||
| 490 | 1 | _aColección divulgación. Ciencias de la salud | |
| 504 | _aIncludes bibliographical references. | ||
| 588 | 0 | _aOnline resource; title from PDF title page (Digitalia, viewed April 12, 2023) | |
| 650 | 0 | _aHuman genetics. | |
| 650 | 0 | _aNutrition. | |
| 650 | 0 | _aSports medicine. | |
| 791 | 2 |
_aDigitalia (Firm), _edistributor. |
|
| 793 | 0 |
_gDigitalia eBook Collection: _aEdiciones Complutense |
|
| 776 | 0 | 8 |
_iPrint version: _aLópez Farré, Antonio. _tGenes de la alimentación y el deporte. _dMadrid : Ediciones Complutense, [2019] _z9788466936590 |
| 830 | 0 |
_aColección divulgación. _pCiencias de la salud. |
|
| 856 | 4 | 0 |
_3Digitalia Hispánica _uhttps://www.digitaliapublishing.com/a/125650/ |
| 910 | _aPremium collection: 2023 | ||
| 942 | _cRAA | ||
| 999 |
_c277517 _d277517 |
||